| 000 | 01034nam a22003017a 4500 | ||
|---|---|---|---|
| 001 | BR8300562 | ||
| 003 | BR-BrBNA | ||
| 005 | 20230928091606.0 | ||
| 007 | ta | ||
| 008 | 230509b bl.||||| |||| 00| 0 por d | ||
| 040 |
_aBR-BrBNA _bpor _cBiblioteca Nacional de Agricultura |
||
| 041 | _a(Por) | ||
| 072 |
_aF60 _b1740 |
||
| 090 | _ 1740 BR8300562 | ||
| 100 | 1 | _aFerreira, P.V. | |
| 110 | 1 |
_aEscola Superior de Agricultura Luiz de Queiroz, Piracicaba, SP (Brasil) _0Tese (Doutor em Agronomia) |
|
| 245 | 1 | _aAspectos fisiologicos e implicacoes geneticas da cerosidade foliar em cebola (Allium cepa L.) | |
| 246 | 1 | _aPhysiological aspects and genetic implications of foliar waxiness in onion (Allium cepa L.) | |
| 260 | 3 |
_aPiracicaba, SP (Brasil): _c1983. |
|
| 300 | _a111 p. | ||
| 500 | _a18 tables; Bibliography p. 65-77 (85 ref.); Summaries (Eng, Por) | ||
| 650 | _aCEBOLA | ||
| 650 | _aVARIEDADE RESISTENTE | ||
| 650 | _aFOLHA | ||
| 650 | _aGENETICA VEGETAL | ||
| 909 |
_a202309 _bLucia _c55 _dLucia Elande |
||
| 942 | _cBK | ||
| 999 |
_c34564 _d34564 |
||